[Event "105th ch-GBR 2018"]
[Site "Hull ENG"]
[Date "2018.08.05"]
[Round "9.23"]
[White "Tozer, Philip A A"]
[Black "Krzyzanowski, Patryk"]
[Result "1/2-1/2"]
[WhiteElo "2142"]
[BlackElo "2087"]
[WhiteFideId "419982"]
[BlackFideId "1119958"]
[EventDate "2018.07.28"]

1. c4 e6 2. g3 d5 3. Bg2 Nf6 4. Nf3 c5 5. O-O Nc6 6. b3 d4 7. e3 Be7 8. exd4
cxd4 9. Re1 O-O 10. d3 Re8 11. Ba3 Bxa3 12. Nxa3 e5 13. Rb1 Bg4 14. h3 Bh5 15.
g4 Bg6 16. Nh4 Ne4 17. Bxe4 Qxh4 18. Qf3 h5 19. Nb5 hxg4 20. hxg4 Bxe4 21. Rxe4
Re6 22. Nc7 Rf6 23. Qg2 Rd8 24. g5 Rf4 25. Rxf4 Qxf4 26. Nd5 Qf5 27. Qg3 Rd6 28.
Kh2 Rg6 29. Rg1 f6 30. Qh3 Qxh3+ 31. Kxh3 Kf7 32. Rg2 fxg5 33. Kg4 Re6 34. f3
Kg6 35. b4 Nd8 36. Re2 Nf7 37. f4 Nh6+ 38. Kf3 g4+ 39. Kg3 Kf5 40. Rxe5+ Rxe5
41. fxe5 Kxe5 42. Nf4 b5 43. cxb5 Nf5+ 44. Kxg4 Ne3+ 45. Kg5 Nc2 46. a4 Nxb4 47.
a5 Nd5 48. Nxd5 Kxd5 49. Kg6 Kc5 50. b6 axb6 51. axb6 Kxb6 52. Kxg7 Kc7 53. Kf6
Kd6 54. Kf5 Kd5 55. Kf4 Kd6 56. Ke4 Ke6 57. Kxd4 Kd6 1/2-1/2

[Event "105th ch-GBR 2018"]
[Site "Hull ENG"]
[Date "2018.08.05"]
[Round "9.27"]
[White "Price, Gwilym"]
[Black "Muir, Andrew J"]
[Result "0-1"]
[BlackTitle "IM"]
[WhiteElo "2085"]
[BlackElo "2291"]
[WhiteFideId "443980"]
[BlackFideId "2400138"]
[EventDate "2018.07.28"]

1. e4 c5 2. Nf3 Nc6 3. d4 cxd4 4. Nxd4 Nf6 5. Nc3 d6 6. Bg5 e6 7. Qd2 Be7 8.
O-O-O O-O 9. f4 Nxd4 10. Qxd4 Qa5 11. Kb1 h6 12. h4 e5 13. Qd3 exf4 14. Bxf4 Be6
15. Nd5 Bxd5 16. exd5 Rfe8 17. Be2 Bf8 18. Rhe1 Re4 19. Bd2 Qc5 20. Bf3 Rxh4 21.
Bc3 Qc4 22. Bxf6 Qxd3 23. Rxd3 gxf6 24. c3 f5 25. Rde3 Rc4 26. Re8 Rxe8 27. Rxe8
Rc7 28. Kc2 Kg7 29. Re1 Be7 30. Kd3 Bf6 31. Re2 Be5 32. Rc2 Kg6 33. b4 h5 34. c4
b6 35. Rc1 h4 36. a4 Kg5 37. Rf1 Rc8 38. Bd1 Rh8 39. Rf3 Bf4 40. Rf2 h3 41. gxh3
Rxh3+ 42. Rf3 Rh1 43. Ke2 Be5 44. Kd2 Rh2+ 45. Be2 f4 46. Kd3 Rg2 47. Rf1 f6 48.
b5 f5 49. Rf3 Kh4 50. Rf1 Kh3 51. Kd2 Kh2 52. Kd3 Rg1 53. Rf3 Ra1 54. Bf1 Rxa4
55. Kd2 Kg1 56. Be2 Kg2 57. Rb3 Ra1 58. Rf3 Rb1 59. Ra3 Rb2+ 60. Kd1 Bd4 61. Rd3
Be3 62. Ke1 Rb1+ 63. Bd1 f3 0-1